000 00651cab a2200217 4500
001 WB3239-37
008 090401t1996 xxu||||| |||| 00| 0 eng d
035 _a(Sirsi) u27480
041 _aeng
245 _aPub chain faces law suits
260 _c1996
350 _a0
490 _aFinancial Times
_v16 October 1996, 28(1)
520 _aTenants of the Inntrepreneur Pub Company are seeking to bring group legal action against high rents and excessive beer prices.
650 _aINNTREPRENEUR PUB COMPANY
650 _aPUB LEASES
650 _aPUBS
690 _aLANDLORD AND TENANT-BUSINESS TENANCIES
942 _n0
948 _c04/03/1997
999 _c18495
_d18495